Radikální ekonomická reforma v Polsku.

Priebeh a výsledky procesu trhovej transformácie. Poľská privatizácia. V priebehu privatizácie sa ukázalo, že rýchle prekonanie dominancie štátneho vlastníctva pri nedostatku kapitálu vyžaduje využiť nekonvenčné metódy a pripustiť neekvivalentný transfer vlastníckych práv a veľmi jednoduché metódy o...

ver descrição completa

Na minha lista:
Detalhes bibliográficos
Autor principal: Jüngling, L.
Formato: Capítulo de Livro
Idioma:tcheco
Assuntos:
Tags: Adicionar Tag
Sem tags, seja o primeiro a adicionar uma tag!

MARC

LEADER 00000naa a2200000 4500
001 r011007
005 20220831090800.7
041 0 |a cze 
044 |a [CS] 
245 1 0 |a Radikální ekonomická reforma v Polsku.  |c L. Jüngling 
520 |a Priebeh a výsledky procesu trhovej transformácie. Poľská privatizácia. V priebehu privatizácie sa ukázalo, že rýchle prekonanie dominancie štátneho vlastníctva pri nedostatku kapitálu vyžaduje využiť nekonvenčné metódy a pripustiť neekvivalentný transfer vlastníckych práv a veľmi jednoduché metódy ocenenia. Charakteristika tzv. programu všeobecnej privatizácie (r. 1991), ktorý mal urýchliť proces privatizácie, a jeho nedostatkov. Otázky ďalšieho priebehu poľskej trhovej transformácie. 
610 2 0 |a reformy hospodárske 
610 2 0 |a PR 
610 2 0 |a privatizácia 
610 2 0 |a transformácia 
610 2 0 |a trh 
610 2 0 |a 1991 
610 2 0 |a vlastníctvo štátne 
610 2 0 |a zmeny štruktúrne 
610 2 0 |a vývoj hospodársky 
100 1 |a Jüngling, L.